000 00421nam a2200157Ia 4500
005 20250407133125.0
008 231217s9999 xx 000 0 und d
020 _a9788127258078
082 _a651.4 VAR;1 R
100 _aVarinder Kumar.
245 0 _aBusiness communication : for MBA students of VTU
260 _c2009
_bKalyani
_aLudhiyana
300 _a406
650 _aBusiness,communication,MBA
942 _cAA
999 _c192316
_d192316